000
00184 a2200097 4500
020
_a
9780440862314
041
_a
eng
100
_a
Jacqueline Wilson
245
_a
Glubbslyme
942
_c
K
999
_c
26734
_d
26734